000 01278cam a22003497a 4500
003 CHAP
005 20250623125636.0
008 010920d2001 mx r 00110 spa d
010 _a85186
011 _a86158
035 _a96696
040 _cCHAP
090 _aTesis
100 1 0 _aHernández Silva, Juan Luis
_954623
245 1 0 _aEfecto de la técnica para producir tuna sin semilla en la calidad y frigoconservación del fruto de 6 variedades
_c/por Juan Luis Hernández Silva
260 _aChapingo, Méx. :
_bEl autor,
_c2001.
300 _a136 h. ;
_bgráfs. ; anexos
502 _aTesis(Ing. Agroindustrial) -- UACH. Departamento de Ingeniería Agroindustrial
590 _aALEPH
_b10
_c20130110
_lUCH01
_h1445
590 _aBATCH-UPD
_b10
_c20130110
_lUCH01
_h0747
590 _aBATCH-UPD
_b10
_c20130410
_lUCH01
_h0428
590 _aBATCH-UPD
_b10
_c20130914
_lUCH01
_h1611
590 _aCONVERSION
_b10
_c20130109
_lUCH01
_h1347
650 1 4 _aTuna
_xConservación por frío.
_9115547
650 1 4 _aTuna
_xSemilla.
_9115564
650 1 4 _aTuna
_xVariedades.
_9115568
901 _aBK
905 _aAlejandra Carrasco M.
942 _cFOLL
949 _aTesis
_bBC
_cTES
_d33724000859922
_eTS2
_fc.2
_h38953
_i96696
_si
949 _aTesis
_bBC
_cTES
_d966961
_eTS1
_h38952
_i96696
_sb
999 _c85186
_d85186